Fr. Conceicao Rodrigues College of Engineering

Workshop Processes Vol I & II (Record no. 25565)

MARC details
000 -LEADER
fixed length control field 00295nam a2200133Ia 4500
082 ## - DEWEY DECIMAL CLASSIFICATION NUMBER
Classification number 671.4
100 ## - MAIN ENTRY--PERSONAL NAME
Personal name Pritchard.R.T
245 ## - TITLE STATEMENT
Title Workshop Processes Vol I & II
260 ## - PUBLICATION, DISTRIBUTION, ETC.
Name of publisher, distributor, etc. English language book society
Date of publication, distribution, etc. 2001
300 ## - PHYSICAL DESCRIPTION
Extent 214
546 ## - LANGUAGE NOTE
Language note ENGLISH
654 ## - SUBJECT ADDED ENTRY--FACETED TOPICAL TERMS
Focus term Workshop
942 ## - ADDED ENTRY ELEMENTS (KOHA)
Koha item type BOOK
Holdings
Withdrawn status Lost status Damaged status Not for loan Collection Home library Current library Shelving location Date acquired Cost, normal purchase price Total Checkouts Full call number Barcode Date last seen Cost, replacement price Price effective from Koha item type
        AFT Fr. Agnel's C.Rodrigues College of Engineering Fr. Agnel's C.Rodrigues College of Engineering   17/03/2023 7.65   671.4 AFT234 17/03/2023 7.65 17/03/2023 BOOK
        AFT Fr. Agnel's C.Rodrigues College of Engineering Fr. Agnel's C.Rodrigues College of Engineering   17/03/2023 7.65   671.4 AFT235 17/03/2023 7.65 17/03/2023 BOOK